| 000 | 01419nam a2200337 i 4500 | ||
|---|---|---|---|
| 003 | EG-GICUC | ||
| 005 | 20260121101508.0 | ||
| 008 | 251216s1995 ua ||||fr|||| 00| 0 ara d | ||
| 017 | _a1995/1877 | ||
| 020 | _a9770083282 | ||
| 040 |
_a EG-GICUC _bara _c EG-GICUC _d EG-GICUC _erda |
||
| 041 | 0 | _aara | |
| 082 | 0 | 4 |
_221 _a343.46 _bع م . م |
| 092 | 0 | 4 | _221 |
| 099 | _aLaw1 10 343.46 ع م . م 2 ed - 1995 | ||
| 100 | 0 |
_aعمر الفاروق الحسينى _eمؤلف. |
|
| 245 | 1 | 2 |
_aالمشكلات الهامة في الجرائم المتصلة بالحاسب الآلي وابعادها الدولية : _bدراسة تحليلية نقدية لنصوص التشريع المصرى مقارنا بالتشريع الفرنسي / _cدكتور عمر الفاروق الحسينى. |
| 250 | _aالطبعة الثانية | ||
| 264 | 1 |
_a{دون مكان نشر} : _b{دون دار نشر}، _c1995. |
|
| 300 |
_a167 ؛صفحة _c24 سم. |
||
| 336 |
_2rda content _atext |
||
| 337 |
_2rda media _aComputer |
||
| 338 |
_2rda carrier _aOnline Resource |
||
| 504 | _a. 152-157 ببليوجرافيا: صفحات | ||
| 546 | _aالنص باللغة العربية | ||
| 650 | 1 | 4 | _aالتشريعات المتعلقة بتقنية المعلومات |
| 650 | 1 | 4 | _aالقانون الجنائي |
| 856 | 4 | 0 | _uhttps://fll.law.cu.edu.eg/fulltext/bks/B10-06993.pdf |
| 905 | _a77 | ||
| 942 |
_2ddc _cBK _e21 _n0 |
||
| 999 |
_c50738 _d50738 |
||